000 00571nam a2200205Ia 4500
005 20260429112057.0
008 260429s9999||||xx |||||||||||||| ||und||
020 _a9781032821993
041 _aEnglish
082 _a368.3820
_bPUR
100 _aPurohit, Brijesh C.
245 0 _aEconomics of public and private healthcare and health insurance in India /
_cBrijesh C. Purohit
250 _a1st ed.
260 _aLondon :
_bRoutledge,
_c2024.
300 _axv, 201 p.; hb
650 _a Health Insurance
650 _a India
650 _aEconomics
942 _cTB
999 _c52225
_d52225